Administración de compras : (Registro nro. 6192)

Detalles MARC
000 -LEADER
fixed length control field 02634nam a2200301Ia 4500
003 - CONTROL NUMBER IDENTIFIER
control field OSt
005 - DATE AND TIME OF LATEST TRANSACTION
control field 20210105130007.0
008 - FIXED-LENGTH DATA ELEMENTS--GENERAL INFORMATION
fixed length control field 191128s2010 ck gr 000 0dspa d
020 ## - INTERNATIONAL STANDARD BOOK NUMBER
International Standard Book Number 9789586486323
040 ## - CATALOGING SOURCE
Original cataloging agency CO-JMCR
Transcribing agency CO-JMCR
041 0# - LANGUAGE CODE
Language code of text/sound track or separate title spa
082 04 - DEWEY DECIMAL CLASSIFICATION NUMBER
Classification number 658.72 /
Item number M657a
Edition number 23
100 1# - MAIN ENTRY--PERSONAL NAME
Personal name Montoya Palacio, Alberto,
Relator term autor
9 (RLIN) 12672
245 10 - TITLE STATEMENT
Title Administración de compras :
Remainder of title quien compra bien, vende bien /
Statement of responsibility, etc. Alberto Montoya Palacio
250 ## - EDITION STATEMENT
Edition statement Tercera edición
260 ## - PUBLICATION, DISTRIBUTION, ETC.
Place of publication, distribution, etc. Bogotá :
Name of publisher, distributor, etc. Ecoe,
Date of publication, distribution, etc. 2010
300 ## - PHYSICAL DESCRIPTION
Extent xii, 201 páginas ;
Dimensions 24 cm.
490 0# - SERIES STATEMENT
Series statement Ciencias Administrativas. Administración
500 ## - GENERAL NOTE
General note Incluye datos biográficos del autor en solapa.
504 ## - BIBLIOGRAPHY, ETC. NOTE
Bibliography, etc. note Bibliografía: página [202]
505 0# - FORMATTED CONTENTS NOTE
Formatted contents note Una nueva visión en las negociaciones entre proveedor-comprador -- Las compras en la empresa moderna -- Los proveedores -- Hacia una nueva cultura en la relación con los proveedores -- Key account manager (gerente de cuenta clave) -- Importancia de las compras -- El proceso de compras en una empresa comercial o de servicios -- Respuesta eficiente al consumidor -- Condiciones de una orden de compra -- Las nuevas variables de la negociación -- Negociaciones especiales (rappels o rebates) -- La mezcla de marketing y su aplicación en las compras -- La administración de inventarios -- El personal de compras -- Casos prácticos en la administración de las compras
520 3# - SUMMARY, ETC.
Summary, etc. La competencia a la cual se enfrentan las empresas de diferentes sectores y la necesidad de obtener resultados inmediatos han convulsionado el mundo de los negocios y deteriorado la relación proveedor-comprador. Sin embargo, la función de compras sigue siendo una de continuo contacto entre proveedores y compradores y exige una adecuada y eficiente preparación de cada una de las partes.<br/>Este libro, dirigido a compradores, vendedores y personas de marketing, y escrito en un lenguaje sencillo, práctico y didáctico, tiene como objetivo ayudar a crear un nuevo estilo de negociación en el cual se imponga una filosofía de gana-gana, cooperación respeto, transparencia, claridad y equidad entre las partes. Se propende, entonces, por una asociación y un trabajo en equipo entre proveedores y compradores en beneficio de las empresas que representan.<br/>Este libro también será de gran utilidad en programas universitarios de gerencia y marketing y como texto guía en las cátedras de compras, ventas y negociación.
650 14 - SUBJECT ADDED ENTRY--TOPICAL TERM
Topical term or geographic name entry element Compras
9 (RLIN) 12662
650 14 - SUBJECT ADDED ENTRY--TOPICAL TERM
Topical term or geographic name entry element Administración de compras
9 (RLIN) 12663
650 24 - SUBJECT ADDED ENTRY--TOPICAL TERM
Topical term or geographic name entry element Negociación
9 (RLIN) 12673
650 24 - SUBJECT ADDED ENTRY--TOPICAL TERM
Topical term or geographic name entry element Política comercial
9 (RLIN) 6253
942 ## - ADDED ENTRY ELEMENTS (KOHA)
Source of classification or shelving scheme Dewey Decimal Classification
Koha item type Books
Existencias
Withdrawn status Lost status Source of classification or shelving scheme Damaged status Not for loan Collection code Home library Current library Date acquired Source of acquisition Full call number Barcode Date last seen Copy number Koha item type
    Dewey Decimal Classification     Non-fiction Biblioteca Pública José María del Castillo y Rada Biblioteca Pública José María del Castillo y Rada 04/15/2018 Donación 658.72 / M657a 430012147 05/16/2024 Ej.1 Books